Effectif Pays-Bas Euro 2024 - Statistiques

Statistiques générales
  • Ce quiz a été pris 149 fois
    114 depuis la dernière actualisation
  • Le résultat moyen est 19 sur 27
Statistiques - réponses
POSTE CLUB NUMER JOUEUR % Correct
DEF Tottenham 15 Micky van de Ven
98%
DEF Liverpool 4 Virgil van Dijk
98%
DEF Manchester City 5 Nathan Aké
91%
ATT Liverpool 11 Cody Gakpo
90%
DEF Inter Milan 22 Denzel Dumfries
89%
DEF Bayern Munich 3 Matthijs de Ligt
88%
ATT Atlético Madrid 10 Memphis Depay
86%
DEF Inter Milan 6 Stefan de Vrij
86%
MIL RB Leipzig 7 Xavi Simons
85%
DEF Bayer Leverkusen 12 Jeremie Frimpong
83%
ATT Borussia Dortmund 18 Donyell Malen
74%
MIL Al-Ettifaq 8 Georginio Wijnaldum
74%
DEF Borussia Dortmund 20 Ian Maatsen
71%
MIL Liverpool 26 Ryan Gravenberch
70%
MIL AC Milan 14 Tijjani Reijnders
70%
COACH - - Ronald Koeman
68%
G Brighton 1 Bart Verbruggen
61%
DEF Gérone 17 Daley Blind
60%
ATT FC Bologne 21 Joshua Zirkzee
58%
G Brentford 23 Mark Flekken
54%
ATT TSG Hoffenheim 9 Wout Weghorst
48%
G Feyenoord 13 Justin Bijlow
46%
DEF Feyenoord 2 Lutsharel Geertruida
46%
ATT Ajax Amsterdam 25 Steven Bergwijn
45%
ATT Ajax Amsterdam 19 Brian Brobbey
44%
MIL PSV Eindhoven 16 Joey Veerman
39%
MIL PSV Eindhoven 24 Jerdy Schouten
38%
Aucun quiz correspondant
Distribution des résultats
% des personnes avec chaque résultat
Percentile par nombre de réponses
Votre historique - résultats
Vous n’avez pas pris ce quiz depuis la dernière actualisation